| 000 | 00774nam a2200205 a 4500 | ||
|---|---|---|---|
| 005 | 20140412111250.0 | ||
| 008 | 030414s19uu xx 00 eng d | ||
| 020 | _a0-8094-9950-9 | ||
| 050 |
_aTR(GS 510 _bH66 1992 |
||
| 245 |
_aHow do octopi eat pizza pie? : _bpizza math. |
||
| 260 |
_aAlexandria, Virginia : _bTime Life for Children, _c1992. |
||
| 300 | _a63 p. ; ill. | ||
| 440 | _aI Love Math | ||
| 520 | _aA collection of stories, poems, games, and activities, all focusing on food, introduce such basic mathematical skills as number awareness, addition, subtraction, and estimation. | ||
| 650 | _aMathematics-Juvenile literature | ||
| 650 | _aFood--Juvenile literature | ||
| 650 | _aMathematical recreations | ||
| 650 | _aFood--Miscellanea | ||
| 999 |
_c103106 _d103106 |
||